=LDR 00000nam 2200000 4500 =001 INLIS000000000035724 =005 20130612141547 =008 ***********************************Ind** =035 ##$$0010-061300000035724 =041 ##$$a Ind =082 ##$$a 650.1 =090 ##$$a 650.1, wan 32 =100 ##$$a Ward Kingsley =245 ##$$a Surat-Surat Seorang Usahawan Kepada Puteranya =260 ##$$a 1986 $b Jakarta =300 ##$$a xvi, 188 hlm, 22 cm =650 ##$$a Surat-Surat Seorang Usahawan Kepada Puteranya =850 ##$$a NBPNMAT